000 00668nam a2200217Ia 4500
003 GCL
008 140319s9999 xx 000 0 ara d
040 _aGCL /
_cGCL
082 0 4 _a413.028
_bى ق
100 1 _aيوسف العش
245 1 0 _aقصة عبقرى الخليل بن احمد الفراهيدى /
_cيوسف العش
300 _a118 ص
490 _a
650 0 4 _aاللغة العربية
650 0 4 _aالتراجم
650 0 4 _aالعروض والقوافى
650 0 4 _aاللغويون العرب
650 0 4 _aالخليل بن احمد الفراهيدى
650 0 4 _aاللغة العربية - المعاجم
942 _2ddc
_cBK
999 _c37520
_d37520